Lesser Turned Pages of India (Record no. 330551)

MARC details
000 -LEADER
fixed length control field 00455nam a2200169Ia 4500
008 - FIXED-LENGTH DATA ELEMENTS--GENERAL INFORMATION
fixed length control field 230718s9999 xx 000 0 und d
020 ## - INTERNATIONAL STANDARD BOOK NUMBER
International Standard Book Number 9789380942599
041 ## - LANGUAGE CODE
Language code of text/sound track or separate title eng
082 ## - DEWEY DECIMAL CLASSIFICATION NUMBER
Classification number 954
Item number SIN
100 ## - MAIN ENTRY--PERSONAL NAME
Personal name Singh K.V.
9 (RLIN) 193420
245 ## - TITLE STATEMENT
Title Lesser Turned Pages of India
260 ## - PUBLICATION, DISTRIBUTION, ETC. (IMPRINT)
Date of publication, distribution, etc. 2011
Name of publisher, distributor, etc. Times Group Books
300 ## - PHYSICAL DESCRIPTION
Extent 304
365 ## - TRADE PRICE
Currency code Rs.
Price amount 349.00
700 ## - ADDED ENTRY--PERSONAL NAME
Personal name Singh K.V.
9 (RLIN) 193420
906 ## - LOCAL DATA ELEMENT F, LDF (RLIN)
d O:0281023-Apr-2012B:1108823-Apr-2012
c GENRL
b 87.25
Holdings
Withdrawn status Lost status Damaged status Not for loan Home library Current library Date acquired Vendor Budget Code Cost, normal purchase price Bill number Total Checkouts Full call number Barcode Date last seen Date last checked out Discount Cost, replacement price Bill Date Koha item type Original Barcode
        Cummins College of Engineering for Women Pune Cummins College of Engineering for Women Pune 23/04/2012 Technical Book Services GENRL 261.75 11088 5 954 CCEP-BK-41758 30/01/2026 23/01/2026 87.25 349.00 23/04/2012 Books 041758